The fisher catalog - Fisher 1993 - 1994
Wedi'i Gadw mewn:
| Fformat: | Llyfr |
|---|---|
| Iaith: | Undetermined |
| Cyhoeddwyd: |
USA
Atlanta
1991
|
| Pynciau: | |
| Tagiau: |
Ychwanegu Tag
Dim Tagiau, Byddwch y cyntaf i dagio'r cofnod hwn!
|
| Thư viện lưu trữ: | Trung tâm Học liệu Trường Đại học Cần Thơ |
|---|
| LEADER | 00370nam a2200145Ia 4500 | ||
|---|---|---|---|
| 001 | CTU_23502 | ||
| 008 | 210402s9999 xx 000 0 und d | ||
| 082 | |a 016 | ||
| 082 | |b F533 | ||
| 245 | 4 | |a The fisher catalog - Fisher 1993 - 1994 | |
| 260 | |a USA | ||
| 260 | |b Atlanta | ||
| 260 | |c 1991 | ||
| 650 | |a Catalue | ||
| 980 | |a Trung tâm Học liệu Trường Đại học Cần Thơ | ||